00000000nam##2200000za#4500
0019.665498
003CaOODSP
00520210615122254
007ta
008150407|2005||||xxc|||||     f|0| 0 fre|d
020 |a0-662-68180-0
040 |aCaOODSP|bfre
041 |aeng
041 |afre
043 |an-cn---
0861 |aR2-333/2004
1101 |aCanada.|bAffaires indiennes et du Nord.
24510|aProgramme de la prévention de la violence - Manuel national
260 |aOttawa - Ontario : |bAffaires indiennes et du Nord |c2005.
300 |aTexte français, 75p. ; |c29 cm.
500 |aComprend les mises à jour d'avril 2005. La version la plus récente sera disponible sur le site Web ministériel.--[Page ii]
5203 |aLe présent manuel énonce les normes et les lignes directrices nationales en ce qui touche les programmes de prévention et de protection en matière de violence familiale à l’intention des personnes qui habitent normalement dans une réserve. Il a pour but de guider l’élaboration et le fonctionnement de tels programmes. Le manuel a également pour but de servir de document de formation pour les nouveaux employés d’AINC, tant à l’administration centrale que dans les régions.
563 |aFeuilles mobiles
590 |a05-25|b2005-06-24
69107|aViolence familiale|2gcpds
69107|aPrévention de la criminalité|2gcpds
69107|aProgramme pour autochtones|2gcpds
7760#|tProgramme de la prévention de la violence - manuel national |w(CaOODSP)9.631432
7760#|tFamily violence prevention program - national manual |w(CaOODSP)9.686970
791 |tFamily Violence Prevention Program - National manual |eeng|w(CaOODSP)9.665497
986 |aQS-7062-000-BB-A1